Ash Ketchum Pokemon - Updated (Journeys) - Statistics

General Stats
  • This quiz has been taken 16 times
  • The average score is 37 of 61
Answer Stats
Type Region Answer % Correct
Electric Kanto Pikachu
100%
Grass / Poison Kanto Bulbasaur
90%
Water Kanto Squirtle
90%
Fire / Flying Kanto Charizard
80%
Normal / Flying Kanto Pidgeot
80%
Bug / Flying Kanto Butterfree
70%
Ghost / Poison Kanto (Journeys) Gengar
70%
Water / Dark Kalos Greninja
70%
Fire / Dark Alola Incineroar
70%
Water / Ice Kanto Lapras
70%
Grass / Flying Alola Rowlet
70%
Normal (x30) Kanto Tauros
70%
Fire Hoenn Torkoal
70%
Normal Sinnoh Aipom
60%
Grass Johto Bayleef
60%
Water Sinnoh Buizel
60%
Ground Johto Donphan
60%
Dragon / Flying Kanto (Journeys) Dragonite
60%
Dragon / Ground Sinnoh Gible
60%
Ice Hoenn Glalie
60%
Ground / Flying Sinnoh Gliscor
60%
Dragon Kalos Goodra
60%
Fighting / Flying Kalos Hawlucha
60%
Bug / Fighting Johto Heracross
60%
Fire / Fighting Sinnoh Infernape
60%
Ground / Dark Unova Krookodile
60%
Bug / Grass Unova Leavanny
60%
Fighting / Steel Kanto (Journeys) Lucario
60%
Rock Alola Lycanroc
60%
Steel Alola Melmetal
60%
Psychic / Fairy Kanto Mr. Mime
60%
Poison Kanto Muk
60%
Normal / Flying Johto Noctowl
60%
Dragon / Flying Kalos Noivern
60%
Water Unova Oshawott
60%
Fire / Fighting Unova Pignite
60%
Fighting Kanto Primeape
60%
Fire Johto Quilava
60%
Normal Kanto Raticate
60%
Grass Hoenn Sceptile
60%
Grass Unova Snivy
60%
Normal / Flying Sinnoh Staraptor
60%
Normal / Flying Hoenn Swellow
60%
Fire / Flying Kalos Talonflame
60%
Grass / Ground Sinnoh Torterra
60%
Water Johto Totodile
60%
Normal / Flying Unova Unfezant
60%
Bug / Poison Johto Beedrill
50%
Rock Unova Boldore
50%
Water Hoenn Corphish
50%
Water / Dragon Galar Dracovish
50%
Water Kanto Kingler
50%
Water / Ground Unova Palpitoad
50%
Dark / Fighting Unova Scraggy
50%
Fighting Galar Sirfetch'd
50%
Normal Kanto Snorlax
50%
Bug / Fighting Alola Buzzwole
40%
Poison / Dragon Alola Naganadel
40%
Water Kanto Seaking
40%
Rock / Steel Alola Stakataka
40%
Bug / Fighting Alola Pheromosa
30%
No matching quizzes found
Score Distribution
Percent of People with Each Score
Percentile by Number Answered
Your Score History
You have not taken this quiz